Germaine Guévremont: une route, une maison

Guardat en:
Dades bibliogràfiques
Autor principal: Duquette, Jean-Pierre
Format: Llibre
Idioma:Undetermined
Publicat: Montreal, Canadá Les Pressesde L´Université de Montrea, 1973
Matèries:
Etiquetes: Afegir etiqueta
Sense etiquetes, Sigues el primer a etiquetar aquest registre!

MARC

LEADER 00000nam a2200000Ia 4500
008 170316s9999 xx 000 0 und d
040 |a cru BVZT 
090 |a 818 D-11g 
100 |a Duquette, Jean-Pierre 
245 |a Germaine Guévremont: une route, une maison 
260 |a Montreal, Canadá 
260 |b Les Pressesde L´Université de Montrea, 
260 |c 1973 
300 |a 78 páginas 
650 |a LITERATURA CANADIENSE 
999 |c 6404  |d 6404 
942 |c 15 D  |h 818 D-11g  |2 z